| 000 | 00452nam a22001817a 4500 | ||
|---|---|---|---|
| 005 | 20240213045314.0 | ||
| 008 | 240213b |||||||| |||| 00| 0 eng d | ||
| 020 | _a8120605195 | ||
| 082 |
_222 _a305.8 _bHEN. |
||
| 100 | _aSirr, Charles hendry. | ||
| 245 | _aCeylon and the cingalese , | ||
| 260 |
_aNew Delhi: _bAsian Educational Services / _c1991. |
||
| 300 | _a2 v, | ||
| 650 | _aHistory | ||
| 650 | _aGovernment | ||
| 650 | _aReligion | ||
| 942 | _cL | ||
| 999 |
_c379 _d379 |
||